[Event "CRO-chT"]
[Site "Bol"]
[Date "2014.05.14"]
[Round "1.9"]
[White "Gaspert, Gordan"]
[Black "Vrban, Mladen"]
[Result "0-1"]
[WhiteElo "2071"]
[BlackElo "2333"]
[PlyCount "62"]
[EventDate "2014.05.14"]
[EventType "team-swiss"]
[EventRounds "6"]
[EventCountry "CRO"]
[SourceTitle "CBM 160 Extra"]
[Source "ChessBase"]
[SourceDate "2014.07.01"]
[SourceVersion "1"]
[SourceVersionDate "2014.07.01"]
[SourceQuality "1"]
[WhiteTeam "Knezevi Vinogradi"]
[BlackTeam "Koprivnica Podravka"]
[WhiteTeamCountry "CRO"]
[BlackTeamCountry "CRO"]

1. d4 f5 2. Bg5 c6 3. c3 d6 4. f4 g6 5. Qb3 Nh6 6. h3 Nf7 7. Bh4 Bg7 8. Nf3 Qb6 9. Nbd2 Nd7 10. e3 Qxb3 11. axb3 Nb6 12. c4 e5 13. Be2 e4 14. Ng1 c5 15. dxc5 dxc5 16. Ra2 Be6 17. Bd1 a6 18. Ne2 Rc8 19. Nc3 Nd8 20. Be2 Nc6 21. Ra1 Nb4 22. Rd1 Nc2+ 23. Kf2 Nxe3 24. Rc1 Bd4 25. Kg3 h6 26. Kh2 Kf7 27. Ndb1 Rcg8 28. Na3 g5 29. fxg5 hxg5 30. Be1 g4 31. h4 g3+ 0-1

[Event "Osijek-ch op"]
[Site "Osijek"]
[Date "2014.02.22"]
[Round "5"]
[White "Gaspert, Gordan"]
[Black "Dabo Peranic, Robert"]
[Result "0-1"]
[WhiteElo "2052"]
[BlackElo "2339"]
[PlyCount "104"]
[EventDate "2014.02.20"]
[EventType "swiss"]
[EventRounds "7"]
[EventCountry "CRO"]
[SourceTitle "CBM 159 Extra"]
[Source "ChessBase"]
[SourceDate "2014.04.24"]
[SourceVersion "1"]
[SourceVersionDate "2014.04.24"]
[SourceQuality "1"]

1. d4 d5 2. c3 Nf6 3. Nf3 Bf5 4. Bf4 Nh5 5. Bc1 e6 6. h3 Bg6 7. Qb3 Qc8 8. Ne5 Be7 9. Nd2 Nf6 10. Ndf3 c5 11. Nxg6 hxg6 12. Bf4 Nc6 13. e3 Ne4 14. Be2 a6 15. Ne5 Bh4 16. Rf1 0-0 17. Nf3 Be7 18. Qd1 b5 19. Bd3 Nf6 20. Ke2 Nd7 21. Re1 Nb6 22. Kf1 Nc4 23. Bxc4 bxc4 24. Qa4 Qb7 25. Rab1 Qb5 26. Qc2 a5 27. Kg1 a4 28. a3 Ra7 29. Rbd1 Rb7 30. Re2 Ra8 31. g4 Ra6 32. Rdd2 Rab6 33. g5 Na5 34. Kg2 Qe8 35. Qd1 Nb3 36. Rc2 Qd8 37. h4 Bd6 38. Bxd6 Rxd6 39. Qh1 f6 40. h5 Qe8 41. Qh4 gxh5 42. gxf6 Qg6+ 43. Kh2 gxf6 44. Re1 Rg7 45. Rg1 Qxc2 46. Rxg7+ Kxg7 47. Qg3+ Kf7 48. Nh4 Rd7 49. Kg1 Nd2 50. Kg2 Qe4+ 51. f3 Nxf3 52. Nxf3 Qg4 0-1

[Event "CRO-chT2 East"]
[Site "Osijek"]
[Date "2013.10.13"]
[Round "9.15"]
[White "Kovacevic, Ivan"]
[Black "Gaspert, Gordan"]
[Result "1/2-1/2"]
[WhiteElo "1854"]
[BlackElo "2025"]
[PlyCount "20"]
[EventDate "2013.04.20"]
[EventType "team-tourn"]
[EventRounds "11"]
[EventCountry "CRO"]
[SourceTitle "EXT 2023"]
[Source "ChessBase"]
[SourceDate "2022.10.05"]
[SourceVersion "1"]
[SourceVersionDate "2022.10.05"]
[SourceQuality "1"]

1. d4 g6 2. c4 Bg7 3. Nc3 d6 4. e4 c5 5. d5 Na6 6. Nf3 Nc7 7. h3 e6 8. Bd3 e5 9. 0-0 Ne7 10. Re1 0-0 1/2-1/2